Coming in from the cold. (Record no. 60475)
[ view plain ]
| 000 -LEADER | |
|---|---|
| fixed length control field | 00728cam a2200205 4500 |
| 001 - CONTROL NUMBER | |
| control field | ABS60826 |
| 008 - FIXED-LENGTH DATA ELEMENTS--GENERAL INFORMATION | |
| fixed length control field | 000000n1999 000 0 eng u |
| 035 ## - SYSTEM CONTROL NUMBER | |
| System control number | (Sirsi) u101327 |
| 100 ## - MAIN ENTRY--PERSONAL NAME | |
| Personal name | Knutt, E. |
| 245 ## - TITLE STATEMENT | |
| Title | Coming in from the cold. |
| 260 ## - PUBLICATION, DISTRIBUTION, ETC. | |
| Date of publication, distribution, etc. | 1999 |
| 490 ## - SERIES STATEMENT | |
| Series statement | Building |
| Volume/sequential designation | 264(8093) 25 June 1999, 40-51(10) |
| 520 ## - SUMMARY, ETC. | |
| Summary, etc. | Discusses opportunities for UK construction firms in Russia, following the slump in the Russian economy last year. Suggests that the situation has now stabilised and that those firms who stayed may soon be able to reap the rewards of their patience. |
| 650 ## - SUBJECT ADDED ENTRY--TOPICAL TERM | |
| Topical term or geographic name entry element | RUSSIA |
| 650 ## - SUBJECT ADDED ENTRY--TOPICAL TERM | |
| Topical term or geographic name entry element | CONSTRUCTION INDUSTRY |
| 650 ## - SUBJECT ADDED ENTRY--TOPICAL TERM | |
| Topical term or geographic name entry element | ECONOMICS |
| 650 ## - SUBJECT ADDED ENTRY--TOPICAL TERM | |
| Topical term or geographic name entry element | MOSCOW |
| 690 ## - LOCAL SUBJECT ADDED ENTRY--TOPICAL TERM (OCLC, RLIN) | |
| Topical term or geographic name as entry element | OVERSEAS |
| 942 ## - ADDED ENTRY ELEMENTS (KOHA) | |
| Suppress in OPAC | 0 |
| Withdrawn status | Lost status | Source of classification or shelving scheme | Damaged status | Not for loan | Home library | Current library | Shelving location | Date acquired | Total Checkouts | Full call number | Barcode | Date last seen | Copy number | Price effective from | Koha item type |
|---|---|---|---|---|---|---|---|---|---|---|---|---|---|---|---|
| Dewey Decimal Classification | London | London | Journal article | 03/11/1999 | ABS60826 | 101327-1001 | 06/08/2019 | 1 | 06/08/2019 | Journal article |